Statistics for Top 100 Biggest Cities in Countries that Start with H and J

Click here to take the quiz!

General Stats

  • This quiz has been taken 150 times
  • The average score is 27 of 100

Answers on the Map

Answers color-coded by a green-red scale on the quiz's map according to % correct below.
 

Answer Stats

CountryCityPopulation% Correct
JapanTokyo9,555,919
98%
HungaryBudapest1,752,286
96%
JordanAmman1,812,059
94%
JapanHiroshima1,199,252
94%
JapanOsaka2,725,006
94%
HaitiPort-au-Prince875,978
93%
JamaicaKingston584,627
91%
JapanSapporo1,966,416
90%
HondurasTegucigalpa1,092,960
89%
JapanKyoto1,468,980
86%
JapanYokohama3,740,172
84%
JapanNagasaki416,419
83%
JapanNagoya2,320,361
83%
JapanFukuoka1,579,450
76%
JapanKobe1,527,407
76%
JapanSendai1,088,669
56%
JapanFukushima289,007
54%
JapanNaha318,270
50%
HondurasSan Pedro Sula671,460
50%
JapanKawasaki1,516,483
43%
JapanOkayama721,329
41%
JapanChiba977,247
38%
JapanKitakyushu945,595
36%
JapanNiigata800,582
35%
JapanSaitama1,295,607
34%
JapanNagano372,304
32%
JapanHamamatsu794,025
31%
JapanShizuoka695,416
30%
JapanKagoshima597,193
28%
JapanAomori279,133
26%
JapanKumamoto739,556
26%
JapanNara355,350
26%
JapanAkita308,482
23%
HaitiCarrefour430,250
23%
JapanToyota425,848
22%
JordanZarqa635,160
21%
JapanKochi331,414
20%
JapanOita478,113
20%
JordanIrbid502,714
19%
JapanKanazawa465,325
18%
JapanMatsuyama510,963
17%
JapanMiyazaki398,841
17%
JapanToyama417,332
17%
JapanGifu402,537
16%
JapanHimeji531,298
16%
JapanSakai831,017
16%
JapanUtsunomiya520,189
15%
JapanAsahikawa332,131
13%
JapanFukui263,529
13%
JapanMorioka294,047
13%
JapanShimonoseki259,855
13%
JapanWakayama357,868
13%
JapanFukuyama463,020
12%
JapanSagamihara723,012
12%
JapanIwaki342,897
11%
JapanTakamatsu419,696
11%
JapanHachioji577,254
10%
JapanTsu276,660
10%
HaitiDelmas359,451
9%
JapanFunabashi635,947
9%
JapanKashiwa424,322
9%
JapanKawagoe353,814
9%
JapanKoriyama332,863
9%
JapanKurume304,125
9%
JapanMaebashi334,261
9%
JapanMito270,289
9%
JapanOtsu341,488
9%
HaitiPétionville271,175
9%
JordanRusseifa472,604
9%
JapanTokushima256,698
9%
JapanYokosuka397,618
9%
JapanIbaraki282,886
8%
JapanOkazaki386,639
8%
JapanNishinomiya488,126
7%
JapanAkashi297,920
6%
JapanAmagasaki451,072
6%
JapanHirakata400,690
6%
JapanIchihara271,453
6%
JapanIchikawa492,752
6%
JapanIchinomiya380,325
6%
JapanKawaguchi589,049
6%
JapanKoshigaya343,770
6%
JapanKurashiki476,073
6%
JapanNagaoka269,508
6%
JapanTakasaki369,733
6%
JapanTakatsuki349,454
6%
JapanToyohashi373,592
6%
JapanToyonaka398,295
6%
JapanYao266,920
6%
JapanYokkaichi310,750
6%
JapanFuchu263,835
5%
JapanFujisawa431,286
5%
JapanHigashiosaka496,082
5%
JapanHiratsuka258,004
5%
JapanKakogawa263,697
5%
JapanMachida433,938
5%
JapanMatsudo490,632
5%
JapanSuita380,634
5%
JapanTokorozawa341,469
5%
JapanKasugai307,180
4%

Score Distribution

Percentile by Number Answered

Percent of People with Each Score

Your Score History

You have not taken this quiz